000 00496nam a2200181Ia 4500
008 240925s9999 xx 000 0 und d
020 _a534931588
082 _a515.35 ZIL
100 _aZill ,Dennis G.
245 0 _aDifferential Equation: with Boundary- Value Problems
250 _a2nd
260 _aBoston:
_bPWS Publishing Co
_c,1993.
300 _axxiv,676p.
_bNA
_fPhotocopy
500 _aIncludes Index
600 _aHumanities & Natural Science
650 _aMathematics
942 _cBK
999 _c7369
_d7369